000 00697nam a2200277Ia 4500
005 20260324135228.0
008 008 260324s9999 xx 000 0 eng d
020 _a9781315200613
037 _aEBOOK
040 _aCRL
040 _beng
040 _cCRL
041 _2eng
041 _aeng
084 _qCRL
100 _aMichael L. Kamil; Rebecca Barr; Peter B. Mosenthal; P. David Pearson
_91199814
245 0 _aHandbook of Reading Research, Volume III
260 _bTaylor and Francis
260 _c2000
365 _a
365 _b420
856 _uhttp://www.taylorfrancis.com/books/9781315200613
942 _cEBOOK
999 _c1800673
_d1800673